000 00873cab a2200241 4500
001 ABS46621
008 090401t1992 xxu||||| |||| 00| 0 eng d
035 _a(Sirsi) u58892
041 _aeng
100 _aSmith, A.
245 _aBulgaria`s catch-22
260 _c1992
350 _a0
490 _aBusiness Europa
_v1(1) May/June 1992, 13-15(3)
520 _aBulgaria`s economic problems would be eased by foreign investment which currently is not forthcoming. Despite stability, and new-found liberalism, its privatisation policy and moratorium on debt servicing are obstacles to new finance. The attractions and problems of the Bulgarian marketplace are weighed in this article.
650 _aBULGARIA
650 _aEASTERN EUROPE
650 _aREFORM
690 _aECONOMIC AND SOCIAL
690 _aOVERSEAS-EUROPE
942 _n0
948 _c04/03/1997
999 _c36021
_d36021